000 01696cam a22001934a 4500
005 20250605164150.0
008 250528s ||||||||||||||||||||||||d
035 _a19363
040 _aGR-AtMCL
_bgre
_dGR-AtMCL
_eAACR2
245 1 _aΣχεδιασμός και Κατασκευή Σιδηροδρομικής Υποδομής / Αριστοτέλειο Πανεπιστήμιο Θεσσαλονίκης Πολυτεχνική Σχολή - Τμήμα Πολιτικών Μηχανικών - Τομέας Μεταφορών - Συγκοινωνιακής Υποδομής - Διαχείρισης Έργων και Ανάπτυξης
250 _a
260 _bΖήτη,
_c2003
300 _a586
520 _aΗ Τεχνική και οι Δυνατότητες του Σιδηροδρόμου, Η Έλξη στον Σιδηρόδρομο, Αλληλεπίδραση Τροχού - Σιδηροτροχιάς, Εσχάρα Γραμμής, Έδραση - Υποδομή Γραμμής, Χάραξη της Γραμμής, Μηχανική Συμπεριφορά της Γραμμής, Εγκαταστάσεις Γραμμής, Τροχαίο Υλικό, Συμπεριφορά Τροχαίου Υλικού επί της Γραμμής, Ο Σιδηρόδρομος και οι Υψηλές Ταχύτητες, Αστικά και Προαστιακά Σιδηροδρομικά Συστήματα Μεταφοράς, Στοιχεία Τεχνικής Σιδηροδρομικής Εκμετάλευσης, Αξιολόγηση Σιδηροδρομικών Συστημάτων.
700 1 _aΠυργίδης Χρίστος
_95613
942 _cBK
999 _c4619
_d4619